| 000 | 003410000a22001570004500 | ||
|---|---|---|---|
| 001 | 001611 | ||
| 003 | MACL | ||
| 040 | _aMACL | ||
| 090 |
_c13604 _d13603 |
||
| 100 | _aPruthi, Raj Kumar | ||
| 245 |
_aThe Intriduction To The Puranas _cRaj Kumar Pruthi |
||
| 260 |
_aUBSPD, _c2005 |
||
| 350 | _a175 | ||
| 650 | _aReligion | ||
| 942 |
_k294 _cBook |
||
| 999 |
_c13531 _d13531 |
||